00604nam a2200169Ia 4500003000900000008004100009040001600050080002400066100001800090245018200108260003900290300002300329650002500352650001800377700001800395700002100413IN-BaIIA211028s9999 xx 000 0 eng d cIIA Library a523.947:520.86bDUT aJulius, W. H. 0aPreliminary report of the Dutch expedition to Karang Sago (Sumatra) for the Observation of the total solar eclipse of may 1901cW. H. Julius, T. H. Wilterdink and A. A. Nijland aAmsterdambEclipse Committeec1902 a[various pagings.] aExpeditions-Eclipses aSolar Eclipse aNijland, A. A aWilterdink, T. H